00444nam a2200181Ia 4500008004100000020001800041050001400059100001800073245002400091245004800115260001500163260001600178260000900194300001400203300002700217300001000244500000800254170918s9999 xx 000 0 und d a9780545037051 bW749 2006 aWilson, Karma aBear's new friend / cKarma Wilson ; illustrated by Jane Chapman. aNew York : bScholastic, c2006 aunpaged : bcolored illustration ; c23cm. a370